000 00203 a2200097 4500
001 32574
100 _aBertrand, J
245 _aBorn To Win
260 _aLondon
_bBantam Books
_c
090 _c21790
_d21790
942 _aNUST-CAE
_cM
_c13103
999 _c267647
_d267647